| 000 | 00371 a2200169 4500 | ||
|---|---|---|---|
| 001 | 171792 | ||
| 020 | _a85-08-03690-6 | ||
| 040 | _cMagnum | ||
| 100 | _aSantos, Cláudio José Lopes Dos | ||
| 240 | 1 | 0 |
_aNa mira do vampiro _lpor |
| 245 | 1 | 0 | _aNa mira do vampiro |
| 300 | _a118 | ||
| 362 | 0 | _a1995 | |
| 440 | 1 | _aÁtica | |
| 697 | _aLITERATURA JUVENIL | ||
| 942 | _cBK | ||
| 999 |
_c171792 _d171792 |
||